Statistiques concernant Compte à rebours - de 50 à 0 en trente secondes (français)

Cliquez ici pour prendre le quiz!

Statistiques générales

  • Ce quiz a été pris 597 fois
  • Le résultat moyen est 34 sur 51

Statistiques - réponses

Chiffre% Correct
50
100%
49
98%
48
95%
47
94%
44
93%
45
93%
46
93%
43
91%
41
90%
42
90%
40
89%
37
87%
38
87%
39
87%
36
86%
35
85%
34
84%
33
83%
31
82%
32
82%
30
80%
28
78%
29
78%
27
76%
26
73%
25
72%
24
71%
23
70%
22
68%
21
64%
20
62%
19
57%
18
56%
17
54%
16
53%
15
52%
14
50%
13
49%
12
47%
11
44%
10
40%
8
38%
9
38%
6
37%
7
37%
4
36%
5
36%
3
34%
1
32%
2
32%
0
27%

Distribution des résultats

Percentile par nombre de réponses

% des personnes avec chaque résultat

Votre développement - résultats

Vous n’avez pas pris ce quiz